000 00649nam a22002177a 4500
005 20170124110026.0
010 _aA-708535
020 _c00.00
_a8185931038
035 _aA-708535
037 _bCen Lib/Ret
040 _aDPL
_bEN
082 _a516
_bPRO
245 _aProceedings of the Indo-French conference on geometry /
_cedited by S.Ramanan
260 _bHindustan Book Agency
_aDelhi
_c1993
270 _a17, UB Jawahar Nagar
_bDelhi
_e110007
300 _a232p.
_c20(Hb)
500 _aIncludes bibliographical references
650 _aGeometry.
_972455
700 _aRamanan, S.
_920684
942 _2ddc
_cEN
_h516
_mPRO
999 _c127506
_d127506